|
|
|
|
| LEADER |
00000nam a22000007a 4500 |
| 005 |
20161019145815.0 |
| 007 |
cr|||| ||u| |
| 008 |
161019s2016 Sp |||||o|||| 001 0 Spa d |
| 020 |
|
|
|a 978-84-9085-778-6
|
| 035 |
|
|
|a 14422
|
| 040 |
|
|
|a vLex
|
| 090 |
|
|
|c 6304
|d 6304
|
| 100 |
1 |
|
|a Jaň Vallejo, Manuel
|
| 245 |
1 |
|
|a La vc̕tima en la justicia penal
|h [Recurso electrn̤ico] :
|b (El Estatuto jurd̕ico de la vc̕tima del delito) /
|c Manuel Jaň Vallejo, Enrique Agudo Fernǹdez.
|
| 256 |
|
|
|a Servicio en ln̕ea
|
| 260 |
|
|
|a Madrid:
|b Dykinson,
|c 2016.
|
| 300 |
|
|
|a 1 Recurso electrn̤ico
|
| 506 |
1 |
|
|a Disponible en los productos indicados
|d vLex global
|d vLex global (Academic Edition, excluding Law Schools)
|d vLex global (U.S. Academic Edition, Law Schools)
|d vLex global (U.S. Academic Edition, excluding Law Schools)
|d vLex global (Academic Edition, Law Schools)
|
| 650 |
0 |
4 |
|a Derecho penal
|z Espaą
|
| 700 |
1 |
|
|a Agudo Fernǹdez, Enrique
|
| 700 |
1 |
|
|a Perrino Přez, ℓngel Luis
|
| 740 |
0 |
|
|a vLex libros (servicio en ln̕ea)
|
| 856 |
4 |
0 |
|u http://vlex.com/source/victima-en-la-justicia-penal-el-estatuto-juridico-de-la-victima-del-delito--14422
|z Acceso restringido
|
| 942 |
|
|
|c BOOK
|
| 999 |
0 |
|
|a Criminal law
|